| 000 | 01197pab a2200169 454500 | ||
|---|---|---|---|
| 008 | 180718b2001 xxu||||| |||| 00| 0 eng d | ||
| 100 | _aHollander, Robyn | ||
| 245 | _aThe greening of the grey: national competition policy and the environment | ||
| 260 | _c2001 | ||
| 300 | _ap.42-55 | ||
| 362 | _aSep | ||
| 520 | _aConcern for environmental degradation is now widespread, and has penetrated key policy institutions such as the National Competition Council (NCC) - the body overseeing National Competition Policy. While the NCC's primary focus is on promoting competition, it acknowledges the importance of environmental considerations. Such a body thus represents the contemporary Ecological Modernisation approachs to environmental policy-making. Ecological Modernisation posits that there can be a reconciliation and synthesis between economic and ecological goals. This paper investigates this claim by exploring the relationship between competition and the environment in the three areas of electricity, regulatory review and rural water. - Reproduced | ||
| 650 | _aEnvironment | ||
| 700 | _aCurran, Giorel | ||
| 773 | _aAustralian Journal of Public Administration | ||
| 909 | _a50185 | ||
| 999 |
_c50185 _d50185 |
||